Statistics for All Capitals of the United Kingdom on a Map

Click here to take the quiz!

General Stats

  • This quiz has been taken 552 times
  • The average score is 9 of 21

Answers on the Map

Answers color-coded by a green-red scale on the quiz's map according to % correct below.
 

Answer Stats

TypePart of...Capital% Correct
Constituent CountriesScotlandEdinburgh
99%
Constituent CountriesEnglandLondon
99%
Constituent CountriesWalesCardiff
96%
Constituent CountriesNorthern IrelandBelfast
95%
Overseas TerritoriesGibraltarGibraltar
67%
Overseas TerritoriesFalkland IslandsStanley
55%
Crown DependenciesIsle of ManDouglas
54%
Overseas TerritoriesBermudaHamilton
32%
Overseas TerritoriesCayman IslandsGeorge Town
31%
Crown DependenciesJerseySaint Helier
29%
Crown DependenciesGuernseySaint Peter Port
25%
Overseas TerritoriesSaint Helena, Ascension
and Tristan da Cunha
Jamestown
23%
Overseas TerritoriesPitcairn IslandsAdamstown
22%
Overseas TerritoriesMontserratPlymouth
22%
Overseas TerritoriesBritish Indian Ocean TerritoryCamp Thunder Cove
19%
Overseas TerritoriesBritish Virgin IslandsRoad Town
19%
Overseas TerritoriesAnguillaThe Valley
18%
Overseas TerritoriesTurks and Caicos IslandsCockburn Town
17%
Overseas TerritoriesSouth Georgia and the
South Sandwich Islands
King Edward Point
16%
Overseas TerritoriesAkrotiri and Dhekelia{Episkopi} Cantonment
11%
Overseas TerritoriesBritish Antarctic TerritoryRothera
8%

Score Distribution

Percentile by Number Answered

Percent of People with Each Score

Your Score History

You have not taken this quiz